Social security handbook on old age survivors and disability insurance (Record no. 495500)

000 -LEADER
fixed length control field 00451cam a22001097a 4500
008 - FIXED-LENGTH DATA ELEMENTS--GENERAL INFORMATION
fixed length control field 180718b1963 xxu||||| |||| 00| 0 eng d
082 ## - DEWEY DECIMAL CLASSIFICATION NUMBER
Classification number Q5x73 Un3h/1963
245 ## - TITLE STATEMENT
Title Social security handbook on old age survivors and disability insurance
Statement of responsibility, etc. by Department of Health, Education, and Welfare, United States
260 ## - PUBLICATION, DISTRIBUTION, ETC.
Place of publication, distribution, etc. Washington
Name of publisher, distributor, etc. Government Printing Office
Date of publication, distribution, etc. 1963
300 ## - PHYSICAL DESCRIPTION
Extent 314+p.
700 ## - ADDED ENTRY--PERSONAL NAME
Personal name United States. Department of Health, Education and Welfare
Holdings
Withdrawn status Lost status Damaged status Not for loan Permanent Location Current Location Date acquired Full call number Barcode Date last seen Price effective from Koha item type
        Indian Institute of Public Administration Indian Institute of Public Administration 2018-08-04 Q5x73 Un3h/1963 G4737 2018-08-04 2018-08-04 G

Powered by Koha